| 000 | 00385 a2200169 4500 | ||
|---|---|---|---|
| 001 | 192136 | ||
| 020 | _a978-85-7406-449-9 | ||
| 040 | _cMagnum | ||
| 100 | _aShakespeare, William | ||
| 240 | 1 | 0 |
_aRomeu e julieta _lpor |
| 245 | 1 | 0 | _aRomeu e julieta |
| 300 | _a69 | ||
| 362 | 0 | _a2010 | |
| 440 | 1 | _aCompanhia das Letrinhas | |
| 697 | _aLITERATURA JUVENIL ESTRANGEIRA | ||
| 942 | _cBK | ||
| 999 |
_c192136 _d192136 |
||